| 000 | 00446nam a22001817a 4500 | ||
|---|---|---|---|
| 003 | CEME | ||
| 005 | 20210628202545.0 | ||
| 008 | 210316b xxu||||| |||| 00| 0 eng d | ||
| 020 | _a0-201-80875-7 | ||
| 040 | _c. | ||
| 082 | _a515.35 NAG'F | ||
| 100 |
_aSaff, E.B ,Nagle, R.K _960478 |
||
| 245 | _aFundamentals of differential equations | ||
| 250 | _a4TH | ||
| 260 |
_aNEWYORK _bADDISON - WESLEY _c1996 |
||
| 300 | _a657P | ||
| 942 |
_cBK _2ddc |
||
| 999 |
_c570183 _d570183 |
||